Handbook of machine foundations (Record no. 5129)

MARC details
000 -LEADER
fixed length control field 00594nam a2200205Ia 4500
003 - CONTROL NUMBER IDENTIFIER
control field IN-BaIIA
008 - FIXED-LENGTH DATA ELEMENTS--GENERAL INFORMATION
fixed length control field 211028s9999 xx 000 0 eng d
020 ## - INTERNATIONAL STANDARD BOOK NUMBER
International Standard Book Number 07-096611-7
040 ## - CATALOGING SOURCE
Transcribing agency IIA Library
080 ## - UNIVERSAL DECIMAL CLASSIFICATION NUMBER
Universal Decimal Classification number (035)621
Item number SRI
100 ## - MAIN ENTRY--PERSONAL NAME
Personal name Srinivasulu, P
9 (RLIN) 9119
245 #0 - TITLE STATEMENT
Title Handbook of machine foundations
Statement of responsibility, etc. P. Srinivasulu and C. V. Vaidyanathan
260 ## - PUBLICATION, DISTRIBUTION, ETC.
Place of publication, distribution, etc. New Delhi
Name of publisher, distributor, etc. Tata McGraw-Hill
Date of publication, distribution, etc. 1976
300 ## - PHYSICAL DESCRIPTION
Extent xvi, 238p.
650 ## - SUBJECT ADDED ENTRY--TOPICAL TERM
Topical term or geographic name entry element  Handbooks-Machines 
9 (RLIN) 9120
650 ## - SUBJECT ADDED ENTRY--TOPICAL TERM
Topical term or geographic name entry element  Machines Handbooks
9 (RLIN) 9121
650 ## - SUBJECT ADDED ENTRY--TOPICAL TERM
Topical term or geographic name entry element NASA Thesaurus 
700 ## - ADDED ENTRY--PERSONAL NAME
Personal name Vidyanathan, C. V
9 (RLIN) 9122
942 ## - ADDED ENTRY ELEMENTS (KOHA)
Koha item type Books
Holdings
Withdrawn status Lost status Damaged status Not for loan Home library Current library Shelving location Date acquired Cost, normal purchase price Total Checkouts Full call number Barcode Date last seen Cost, replacement price Price effective from Koha item type Purchase Price
        IIA Library-Bangalore IIA Library-Bangalore General Stacks 22/12/1976 28.50   (035)621/ SRI 5729 05/11/2021 28.50 22/12/1976 Books Rs. 28.50

Powered by Koha